Análisis y diseño de un edificio de ocho niveles para ser construido con moldes en forma de túnel
Gardado en:
| Autor Principal: | |
|---|---|
| Formato: | Desconocido |
| Publicado: |
[San José, Costa Rica]
1978
|
| Materias: | |
| Etiquetas: |
Engadir etiqueta
Sen Etiquetas, Sexa o primeiro en etiquetar este rexistro!
|
MARC
| LEADER | 00000 a2200000 4500 | ||
|---|---|---|---|
| 003 | 000844 | ||
| 005 | 20221231143735.0 | ||
| 008 | 140114s1978 c a m 000 ||s d | ||
| 040 | |c cru CEDI | ||
| 090 | |a TFG 798 | ||
| 100 | |a Schosinsky N, Ingo W |9 16316 | ||
| 245 | |a Análisis y diseño de un edificio de ocho niveles para ser construido con moldes en forma de túnel | ||
| 260 | |c 1978 |a [San José, Costa Rica] | ||
| 300 | |a 139 hojas : ilustraciones ; 29 cm | ||
| 500 | |a Tesis (ingeniero civil)--Universidad de Costa Rica. | ||
| 650 | |x CONSTRUCCION |9 16317 | ||
| 942 | |c TFG | ||
| 999 | |c 11088 |d 11088 | ||
